MARC детайли
| 000 -Лидер |
| Контролно поле с фиксирана дължина |
03242nam a2200493 c 4500 |
| 003 - Код на организацията, давaща контролен номер |
| Контролно поле |
BLK |
| 005 - Дата и час на последна редакция |
| Контролно поле |
20250131092007.0 |
| 008 - Елементи от данни с фиксирана дължина |
| fixed length control field |
180408b bul|||||r ||||||| ||bul|| |
| 010 ## - Наследен системен номер |
| LC control number |
KNG00049441000 |
| 020 ## - Международен стандартен номер на книга ISBN |
| Международен стандартен номер на книга ISBN |
954-787-007-6 |
| -- |
издат.: Мириам |
| 040 ## - Източник на каталожния запис |
| Идентификатор на билиотеката - собственик на записа |
BLK |
| 041 ## - Код за език |
| Код за езика на текст/звукозапис или на отделно заглавие |
Български |
| Код за езика КДБФ |
Български |
| 080 ## - УДК |
| Текстов определител УДК |
Разпространяване на научните знания - популяризиране на науката, занимателна наука, учение за явленията научно необяснени, заблуждения и фалшификации, илюзии и др. п., секретност на научните знания |
| УДК код - определител по УДК |
001.9 |
| УДК определител |
|
| УДК - код + определител |
001.9 |
| 080 ## - УДК |
| Текстов определител УДК |
Паметници на културата на историческите периоди. Археологическите паметници. Старини |
| УДК код - определител по УДК |
904 |
| УДК определител |
|
| УДК - код + определител |
904 |
| 080 ## - УДК |
| Текстов определител УДК |
Звезди и звездни системи. Вселена - Космически лъчи, междузвездно пространство, Галактика, Млечен път, космология, извънгалактически системи |
| УДК код - определител по УДК |
524 |
| УДК определител |
|
| УДК - код + определител |
524 |
| 080 ## - УДК |
| Текстов определител УДК |
Организации, асоциации, движения със специални цели и/или области на дейност. Професионални асоциации(Ку-клукс-клан, масони, окултни движения, орден на тамплиерите). |
| УДК код - определител по УДК |
061.23 |
| УДК определител |
|
| УДК - код + определител |
061.23 |
| 100 1# - Редна дума - Автор |
| Автор |
Пикнет, Лин |
| Авторска отговорност |
първи автор |
| R(LIN) |
110655 |
| 139 ## - Редно поле |
| Редна дума |
Пикнет, Лин и др. |
| Авторски знак |
Пи - П 51 |
| 245 10 - Сведения за заглавието |
| Заглавие |
Конспирацията Старгейт |
| Подзаглавни данни |
Истината за контактите с извънземни и тайните на Древен Египет |
| Редно поле (дума) |
Лин Пикнет; съавт. Клайв Принс; прев. от англ. Явор Иванов. |
| 257 ## - Страна на издаване |
| Страна на създаване/издаване |
Великобритания |
| 260 ## - Област на издателските данни |
| -- |
София |
| Име на издателя, разпространителя и проч. |
Мириам |
| Година на издаване |
2005 |
| 300 ## - Физическа характеристика |
| Страници |
408 с. |
| Илюстрации и др. |
с ил. |
| Размери/Мащаб |
24 см |
| 380 ## - Жанр |
| Жанр |
Общ отдел |
| 490 1# - СЕРИИ (Колекции) |
| Име на серия |
Библиотека Философският камък |
| 500 ## - Общи забележки |
| Забележка |
Ориг. загл. The Stargate Conspiracy / Lynn Picknett, Clive Prince. - Съдържа : Бележки и препратки ; Кратък енциклопедичен речник на древноегипетските богове, фараони, градове и некрополи / Състав Мария Арабаджиева. - Библиогр. с. 380-393 |
| 504 ## - Забележка за наличие на библиография и др |
| Забележка за наличие на библиография и под. |
380-393 |
| 650 #4 - Допълнително описание по предмет – тема |
| Основно описание – тема или топоним |
Извънземни цивилизации |
| 9 (RLIN) |
242018 |
| 650 #4 - Допълнително описание по предмет – тема |
| Основно описание – тема или топоним |
Древен Египет |
| 9 (RLIN) |
242280 |
| 650 #4 - Допълнително описание по предмет – тема |
| Основно описание – тема или топоним |
Космология |
| 9 (RLIN) |
159537 |
| 650 #4 - Допълнително описание по предмет – тема |
| Основно описание – тема или топоним |
Тайни общества |
| 9 (RLIN) |
251393 |
| 653 ## - Ключова дума – ненормативна |
| Ключова дума |
Древен Египет |
| 653 ## - Ключова дума – ненормативна |
| Ключова дума |
древен свят |
| 653 ## - Ключова дума – ненормативна |
| Ключова дума |
НЛО |
| 653 ## - Ключова дума – ненормативна |
| Ключова дума |
старини |
| 653 ## - Ключова дума – ненормативна |
| Ключова дума |
тайни общества |
| 700 1# - Други автори (авторска отговорност) |
| Лично име |
Принс, Клайв |
| Автороска отговорност (Описва отношението между автора и произведението) |
съавт. |
| 9 (RLIN) |
267114 |
| 700 1# - Други автори (авторска отговорност) |
| Лично име |
Иванов, Явор |
| Автороска отговорност (Описва отношението между автора и произведението) |
прев. от англ. |
| 9 (RLIN) |
368106 |
| 852 ## - Местоположение |
| Форматна сигнатура |
Цб 223359 |
| 856 4# - Електронен адрес и достъп |
| Електронен формат |
pdf - файл |
| Път до файла /url/ |
|
| 856 4# - Електронен адрес и достъп |
| Електронен формат |
pdf - файл |
| Път до файла /url/ |
|
| 942 ## - АРТИКУЛИ |
| Вид на библиотечния материал |
Книги |
| Скрит в OPAC |
Не |
| Koha issues (borrowed), all copies |
4 |
| 944 ## - СЪЗДАВАНЕ И РЕДАКЦИЯ на ЗАПИСА |
| Създаване/Редакция |
Създаване |
| Дата на регистрацията/редакция |
12.04.2005 |
| Служител, извършил регистрацията/редакцията |
30576 |
| Статус, дата на статуса |
Цветомила Тодорова |
| 944 ## - СЪЗДАВАНЕ И РЕДАКЦИЯ на ЗАПИСА |
| Създаване/Редакция |
Редакция |
| Дата на регистрацията/редакция |
22.01.2007 |
| Служител, извършил регистрацията/редакцията |
|
| 999 ## - СИСТЕМНИ КОНТРОЛНИ НОМЕРА |
| Koha biblionumber |
45644 |
| Koha biblioitemnumber |
45644 |